Southville International School and Colleges
Your cart is empty.
  • Cart
  • Lists
    Public lists list_1 View all
    Your lists Log in to create your own lists
  • Log in to your account
  • Your cookies
  • Search history
Southville International School and Colleges
  • Advanced search
  • Recent comments
  • Most popular
  • Libraries

Log in to your account

Log in with GOOGLE


If you do not have an external account, but do have a local account, you can still log in:

  1. Home
  2. MARC view: Course module for the contemporary world
Normal view MARC view ISBD view

Course module for the contemporary world (Record no. 366287)

[ view plain ]
MARC details
000 -LEADER
fixed length control field 00457nam a22001697a 4500
003 - CONTROL NUMBER IDENTIFIER
control field 0
005 - DATE AND TIME OF LATEST TRANSACTION
control field 20240920135150.0
008 - FIXED-LENGTH DATA ELEMENTS--GENERAL INFORMATION
fixed length control field 240920b xxu||||| |||| 00| 0 eng d
020 ## - INTERNATIONAL STANDARD BOOK NUMBER
International Standard Book Number 978-621-04-0431-9
050 ## - LIBRARY OF CONGRESS CALL NUMBER
Classification number JZ 1318
Item number .C68 2023
245 ## - TITLE STATEMENT
Title Course module for the contemporary world
260 ## - PUBLICATION, DISTRIBUTION, ETC. (IMPRINT)
Place of publication, distribution, etc Quezon City
Name of publisher, distributor, etc Rexbookstore
Date of publication, distribution, etc C2023
300 ## - PHYSICAL DESCRIPTION
Extent v, 305p.
Other physical details ill. :
Dimensions 26xcm.
500 ## - GENERAL NOTE
General note Globalization.
500 ## - GENERAL NOTE
General note World economics.
942 ## - ADDED ENTRY ELEMENTS (KOHA)
Source of classification or shelving scheme Library of Congress Classification
Koha item type Books
Holdings
Withdrawn status Lost status Source of classification or shelving scheme Damaged status Home library Current library Shelving location Date acquired Source of acquisition Total Checkouts Full call number Barcode Date last seen Price effective from Koha item type
    Library of Congress Classification   College Library College Library Filipiniana Section 09/20/2024 Library Fund   JZ 1318 .C68 2023 C23723 09/20/2024 09/20/2024 Books

Course module for the contemporary world

APA

(2023). Course module for the contemporary world. Quezon City: Rexbookstore.

Chicago

2023. Course module for the contemporary world. Quezon City: Rexbookstore.

Harvard

(2023). Course module for the contemporary world. Quezon City: Rexbookstore.

MLA

Course module for the contemporary world. Quezon City: Rexbookstore. 2023.

  • Place hold
  • Print
  • Cite
  • Add to your cart (remove)
  • Save record
    BIBTEX Dublin Core MARCXML MARC (non-Unicode/MARC-8) MARC (Unicode/UTF-8) MARC (Unicode/UTF-8, Standard) MODS (XML) RIS
  • More searches
    Search for this title in:
    Other Libraries (WorldCat) Other Databases (Google Scholar) Online Stores (Bookfinder.com) Open Library (openlibrary.org)

Exporting to Dublin Core...

SOUTHVILLE LIBRARY

Southville International School and Colleges Library

1281 Tropical Ave. Cor. Luxembourg St., BF Homes International, Las Pinas City

Tel. No. 8256374 / 252358 Loc. 117/146

Powered by Koha